Normal view MARC view
  • Martínez Meave, Gabriel

Entry Nombre Personal

Number of records used in: 1

001 - NUMERO DE CONTROL

  • campo de control: 52990

003 - IDENTIFICADOR DE NUMERO DE CONTROL

  • campo de control: MX-MxUPN

005 - FECHA Y HORA DE LA ÜLTIMA TRANSACCIÓN

  • campo de control: 20240809165146.0

008 - DATOS DE LONGITUD FIJA

  • campo de control de longitud fija: 240809|| aca||aabn | aaa d

010 ## - NÚMERO DE CONTROL DE LA BIBLIOTECA DEL CONGRESO

  • Número de control LC: no2009090590

035 ## - NUMERO DE CONTROL

  • Número de control: (OCoLC)oca08139294

040 ## - FUENTE DE CATALOGACIÓN

  • Agencia original de catalogación: MX-MxBN
  • Lenguaje de catalogación: spa
  • Agencia de transcripción: MX-MxBN
  • Agencia que lo modifica: ICrlF
  • Agencia que lo modifica: MX-MxUPN

100 1# - ENCABEZAMIENTO - NOMBRE PERSONAL

  • Nombre personal: Martínez Meave, Gabriel

370 ## - LUGAR ASOCIADO

  • Place of birth: Ciudad de México (México)

372 ## - CAMPO DE ACTIVIDAD

  • Field of activity: Ilustrador de libros
  • Field of activity: Arte

374 ## - OCUPACIÓN

  • Occupation: Ilustrador
  • Occupation: Artista

670 ## - FUENTE EN LA QUE SE LOCALIZARON DATOS

  • Cita de la fuente: LC, 09 agosto 2024 :
  • Información localizada: (Martínez Meave, Gabriel)
  • Uniform Resource Identifier: https://lccn.loc.gov/no2009090590

902 ## - CATALOGADOR

  • Catalogador: MaríaRobles/090824